000
00273nam a2200097Ia 4500
008
171211s9999 xx 000 0 und d
245
2
_a
A Tank Gunner’s Story: Gunner Gruntz Of The 712th Tank Battalion
245
_c
Louis G Gruntz Jr
260
_c
2014
650
_x
Military
999
_c
348322
_d
348322